Občanský zákoník se zapracovanými zákony, které jej mění, doplňují a upravují včetně novely přijaté zákonem Federálního shromaždění ČSFR dne 5.11.1991 Právní úprava odměn advokátů a komerčních právníků. Právní úprava soudních poplatků
Salvato in:
| Natura: | Libro |
|---|---|
| Lingua: | ceco |
| Pubblicazione: |
Brno
Petrov
1991
|
| Edizione: | 1. vyd. |
| Soggetti: | |
| Tags: |
Nessun Tag, puoi essere il primo ad aggiungerne!!
|
MARC
| LEADER | 00000nam a2200000 4500 | ||
|---|---|---|---|
| 001 | c000930 | ||
| 005 | 20221214094359.9 | ||
| 041 | 0 | |a cze | |
| 044 | |a CZ | ||
| 245 | 1 | 0 | |a Občanský zákoník se zapracovanými zákony, které jej mění, doplňují a upravují včetně novely přijaté zákonem Federálního shromaždění ČSFR dne 5.11.1991 |b Právní úprava odměn advokátů a komerčních právníků. Právní úprava soudních poplatků |
| 250 | |a 1. vyd. | ||
| 264 | 1 | |a Brno |b Petrov |c 1991 | |
| 300 | |a 248 s. | ||
| 610 | 2 | 0 | |a právo občianske |
| 610 | 2 | 0 | |a predpisy právne |
| 610 | 2 | 0 | |a ČSFR |
| 610 | 2 | 0 | |a odmeňovanie |
| 610 | 2 | 0 | |a poplatky |
| 610 | 2 | 0 | |a sudcovia |